00651nam a22001697a 4500003000900000008004100009040007100050082001500121100001700136245006600153260002600219300002800245505016100273650001600434650001700450650001400467AR-CdUCM190321b ||||| |||| 00| 0 spa d aMUNICIPALIDAD PROVINCIAL DEL CUSCOcBIBLIOTECA MUNICIPAL DEL CUSCO a463 /bS33 aSeco, Manuel aDiccionario de dudas y dificultades de la lengua española / aMadrid :bUme,c1970. a516 páginas ;c20 cm. aContenido : Primera parte : Diccionario de dudas y dificultades de la legua española -- Segunda parte : Vocabulario ortográfico abreviatura y siglas ... aDiccionario aAbreviaturas aEspañol